| 000 | 00378nam a2200145Ia 4500 | ||
|---|---|---|---|
| 008 | 230312s9999||||xx |||||||||||||| ||und|| | ||
| 020 | _a978-1742669786 | ||
| 082 |
_a641.822 _bZOC-P |
||
| 100 | _aZoccali;Nino | ||
| 245 | 0 | _aPasta Artigiana:Simple to Extraordinary | |
| 260 |
_bMurdoch Books _aUK _c2012 |
||
| 300 | _a225 | ||
| 650 |
_aFood Science _vFood Industry |
||
| 942 | _cBK | ||
| 999 |
_c14300 _d14300 |
||